| 000 | 00856cam a22002657a 4500 | ||
|---|---|---|---|
| 001 | 3473196 | ||
| 005 | 20170823114217.0 | ||
| 007 | 000 | ||
| 008 | 000 | ||
| 010 | _a 93107776 | ||
| 020 |
_a1853831387 : _c£8.95 |
||
| 040 |
_aUOEL _cDLC |
||
| 050 | 0 | 0 | _aMLCS 96/02247 (S) |
| 100 | 2 | _aClunies-Ross, Tracey. | |
| 245 | 1 | 4 |
_aThe politics of industrial agriculture / _cTracey Clunies-Ross and Nicholas Hildyard. |
| 260 |
_aLondon : _bEarthscan Publications, _c1992. |
||
| 300 |
_a167 p. ; _c22 cm. |
||
| 500 | _aGB92- Title #01650 | ||
| 500 | _a"A Report by the ecologist"-Cover. | ||
| 504 | _aIncludes bibliographical references (p. 148-162) and index. | ||
| 700 | 1 | _aHildyard, Nicholas. | |
| 906 |
_a7 _bcbc _corignew _d3 _encip _f19 _gy-gencatlg |
||
| 942 |
_2lcc _cSBK |
||
| 999 |
_c15791 _d15791 |
||